Normal view
MARC view
- Allen, David M.
Entry Personal Name
001 - CONTROL NUMBER
- control field: 114195
003 - CONTROL NUMBER IDENTIFIER
- control field: NUST
005 - DATE AND TIME OF LATEST TRANSACTION
- control field: 20230819095823.0
008 - FIXED-LENGTH DATA ELEMENTS
- fixed length control field: 230819|| aca||aabn | a|a d
040 ## - CATALOGING SOURCE
- Original cataloging agency: NUST
- Transcribing agency: NUST
100 ## - HEADING--PERSONAL NAME
- Personal name: Allen, David M.
670 ## - SOURCE DATA FOUND
- Source citation: Work cat.: (NUST)181410: Allen, David M.,, Analyzing experimental data by regression /, c1982.
